000 00502nam a2200181Ia 4500
001 8689
005 20260306160628.0
008 260306t2013||||xx |||||||||||||| ||spa||
041 _aESP
082 _a371.3
_bC24A
100 _aCamacho Sanabria, Carmen Amalia
_eAUT
245 0 _aFormación por competencias:
_bfundamentos y estrategias didácticas, evaluativas y curriculares
260 _c2013
300 _a145 páginas :
_c24 cm.
650 _aGEN
654 _aCED
942 _cLIB
_dJUS
_fJUS
_2ddc
_n
999 _c8689
_d8689